000 00426nam a2200157 i 4500
001 bg
100 1 _aCYUNEL, Bogdan
245 0 _aEkonomika i organizacja budownictwa drogowego /
_cBogdan Cyunel, Halina Banach-Paszkiewicz. Cz.1.
260 _aKielce,
_c1977.
700 1 _aBANACH-PASZKIEWICZ, Halina
040 _cBPK
041 _apol
080 _a658:625.7
942 _cKS
008 s pl f |000 0 pol
999 _c17741
_d17741
856 _uhttp://koha.tu.koszalin.pl/cgi-bin/koha/opac-detail.pl?biblionumber=17741
_yKatalog online BPK